| 000 | 00526nam a2200217Ia 4500 | ||
|---|---|---|---|
| 003 | 0100 | ||
| 008 | 130227s9999 xx 000 0 und d | ||
| 040 | _cARRUPELIB | ||
| 050 | _aBJ47.D618 | ||
| 245 | _aDivine commands and morality | ||
| 260 | _aOxford | ||
| 260 | _bOxford University Press | ||
| 260 | _C1981 | ||
| 300 | _a186p. | ||
| 300 | _b 23 cm | ||
| 440 | _aOxford readings in philosophy | ||
| 650 | _bPhysics - Early works | ||
| 650 | _cTime - Philosophy | ||
| 700 | _aHelm, Paul (ed.) | ||
| 942 |
_2lcc _02 |
||
| 999 |
_c3640 _d3640 |
||